[Event "Werther Schloss op 26th"]
[Site "Werther"]
[Date "2023.03.31"]
[Round "3"]
[White "Naidich, Vasily"]
[Black "Freiberger, Jonas"]
[Result "1-0"]
[WhiteElo "2043"]
[BlackElo "2236"]
[PlyCount "187"]
[EventDate "2023.03.30"]
[EventType "swiss"]
[EventRounds "7"]
[EventCountry "GER"]
[SourceTitle "CBM 213 Extra"]
[Source "ChessBase"]
[SourceDate "2023.05.31"]
[SourceVersion "1"]
[SourceVersionDate "2023.05.31"]
[SourceQuality "1"]

1. d4 f5 2. Nf3 Nf6 3. g3 g6 4. Bg2 Bg7 5. 0-0 0-0 6. b3 d6 7. Bb2 c6 8. Nbd2 Na6 9. Rb1 Qc7 10. Re1 c5 11. c4 Bd7 12. d5 Rab8 13. a3 b5 14. Qc2 Qd8 15. e4 fxe4 16. Ng5 bxc4 17. bxc4 e3 18. Rxe3 Bf5 19. Nge4 Ng4 20. Re2 Rxb2 21. Rxb2 Bxb2 22. Qxb2 Qb6 23. Qc3 Rb8 24. h3 Ne5 25. f4 Nf7 26. g4 Bxe4 27. Rxe4 Qb2 28. Qe3 Qc1+ 29. Nf1 Qxe3+ 30. Rxe3 Kf8 31. Kf2 Nc7 32. h4 Ne8 33. g5 Ng7 34. Ng3 Rb2+ 35. Re2 Rb1 36. Be4 Rb6 37. Bc2 Rb2 38. Be4 Rxe2+ 39. Kxe2 e5 40. f5 gxf5 41. Bxf5 h6 42. gxh6 Nxh6 43. Bc8 Ke7 44. Bh3 Ne8 45. Kf3 Nf6 46. Bf1 Kd8 47. Bd3 Ke7 48. Bg6 Nd7 49. Bd3 Nb6 50. Ke4 Kf6 51. Kf3 Na4 52. Ne4+ Ke7 53. h5 Nb6 54. Kg3 Nd7 55. Kh4 Nf7 56. Ng5 e4 57. Nxe4 Nde5 58. Be2 Kd7 59. Nf6+ Ke7 60. Ne4 Kd7 61. Kg3 Ke7 62. Kf4 Nd7 63. Kf5 Nde5 64. Ng5 Nh6+ 65. Kf4 Nd7 66. Nf3 Kf6 67. Bd3 Ne5 68. Nxe5 dxe5+ 69. Kg3 Nf7 70. Kg4 Nh6+ 71. Kh4 Nf7 72. Kg4 Nh6+ 73. Kf3 Nf7 74. Ke3 Nd6 75. h6 e4 76. Bxe4 Nxc4+ 77. Kf4 Nd6 78. h7 Nf7 79. Bf5 Ke7 80. Be6 Nh8 81. Kf5 a6 82. Kg5 c4 83. Kh6 Kf6 84. Bg4 c3 85. Bd1 a5 86. Bb3 Nf7+ 87. Kh5 Kg7 88. Bc2 Nd6 89. Kg5 Nc4 90. Kf4 Kh8 91. Ke4 Kg7 92. a4 Kh8 93. Kd4 Nb6 94. d6 1-0

[Event "GER-ch blitz"]
[Site "Magdeburg"]
[Date "2022.08.21"]
[Round "3"]
[White "Freiberger, Jonas"]
[Black "Ehmann, Thilo"]
[Result "1-0"]
[WhiteElo "2342"]
[BlackElo "2397"]
[PlyCount "67"]
[EventDate "2022.08.21"]
[EventType "tourn (blitz)"]
[EventRounds "29"]
[EventCountry "GER"]
[EventCategory "5"]
[SourceTitle "CBM 210 Extra"]
[Source "ChessBase"]
[SourceDate "2022.11.30"]
[SourceVersion "1"]
[SourceVersionDate "2022.11.30"]
[SourceQuality "1"]

1. e4 c5 2. d4 cxd4 3. c3 g6 4. Nf3 Bg7 5. Bc4 d6 6. cxd4 Nf6 7. Nc3 0-0 8. h3 Nxe4 9. Nxe4 d5 10. Bd3 dxe4 11. Bxe4 Nc6 12. Bxc6 bxc6 13. 0-0 Be6 14. Be3 Bd5 15. Rc1 Qa5 16. a3 Rab8 17. Qe2 Qb6 18. b4 Rfc8 19. Ne5 Rb7 20. Rfd1 Qd8 21. Rc5 f6 22. Nd3 Rb5 23. Rdc1 Rxc5 24. Rxc5 g5 25. Qc2 Rb8 26. Ra5 Qd7 27. Nc5 Qc8 28. Rxa7 g4 29. h4 f5 30. Rxe7 Bf6 31. Rd7 Be4 32. Nxe4 fxe4 33. Qc4+ Kh8 34. Qf7 1-0

[Event "GER-ch blitz"]
[Site "Magdeburg"]
[Date "2022.08.21"]
[Round "22"]
[White "Freiberger, Jonas"]
[Black "Gauglitz, Gernot"]
[Result "1-0"]
[WhiteElo "2342"]
[BlackElo "2371"]
[PlyCount "89"]
[EventDate "2022.08.21"]
[EventType "tourn (blitz)"]
[EventRounds "29"]
[EventCountry "GER"]
[EventCategory "5"]
[SourceTitle "CBM 210 Extra"]
[Source "ChessBase"]
[SourceDate "2022.11.30"]
[SourceVersion "1"]
[SourceVersionDate "2022.11.30"]
[SourceQuality "1"]

1. e4 c5 2. d4 cxd4 3. c3 dxc3 4. Nxc3 Nc6 5. Nf3 d6 6. Bc4 e6 7. 0-0 Be7 8. Qe2 e5 9. Rd1 Nf6 10. Be3 0-0 11. Rac1 Bg4 12. h3 Bh5 13. g4 Bg6 14. Nh4 Rc8 15. Nxg6 hxg6 16. a3 a6 17. Ba2 Nd7 18. Nd5 Bg5 19. b4 Kh7 20. Kg2 Nd4 21. Rxc8 Nxe2 22. Rxd8 Bxd8 23. Rd2 Nc1 24. Bb1 Nb3 25. Rd3 Nd4 26. Bxd4 exd4 27. Rxd4 Ne5 28. Ba2 g5 29. Ne3 Bb6 30. Rxd6 Bxe3 31. fxe3 Rc8 32. Bd5 Rc2+ 33. Kg3 Ng6 34. e5 Rd2 35. Bxf7 Rxd6 36. exd6 Ne5 37. Be8 g6 38. d7 Nc6 39. Kf3 Kg7 40. Ke4 Kf6 41. Kd5 Ke7 42. e4 Na7 43. Kc5 Nb5 44. a4 Nd6 45. e5 1-0

[Event "GER-ch blitz"]
[Site "Magdeburg"]
[Date "2022.08.21"]
[Round "9"]
[White "Krause, Benedict"]
[Black "Freiberger, Jonas"]
[Result "1/2-1/2"]
[WhiteElo "2478"]
[BlackElo "2342"]
[PlyCount "35"]
[EventDate "2022.08.21"]
[EventType "tourn (blitz)"]
[EventRounds "29"]
[EventCountry "GER"]
[EventCategory "5"]
[SourceTitle "CBM 210 Extra"]
[Source "ChessBase"]
[SourceDate "2022.11.30"]
[SourceVersion "1"]
[SourceVersionDate "2022.11.30"]
[SourceQuality "1"]

1. e4 e5 2. Nf3 Nc6 3. Bc4 Nf6 4. d3 Be7 5. 0-0 0-0 6. Re1 d6 7. a4 Kh8 8. Nc3 Ng8 9. h3 f5 10. Nd5 Nf6 11. Ng5 Nxd5 12. Nxh7 Nf6 13. Nxf6 g6 14. Nd5 f4 15. c3 Kg8 16. d4 Bf6 17. b4 exd4 18. Nxf6+ 1/2-1/2

[Event "GER-ch blitz"]
[Site "Magdeburg"]
[Date "2022.08.21"]
[Round "19"]
[White "Vogel, Roven"]
[Black "Freiberger, Jonas"]
[Result "1/2-1/2"]
[WhiteElo "2516"]
[BlackElo "2342"]
[PlyCount "138"]
[EventDate "2022.08.21"]
[EventType "tourn (blitz)"]
[EventRounds "29"]
[EventCountry "GER"]
[EventCategory "5"]
[SourceTitle "CBM 210 Extra"]
[Source "ChessBase"]
[SourceDate "2022.11.30"]
[SourceVersion "1"]
[SourceVersionDate "2022.11.30"]
[SourceQuality "1"]

1. Nf3 f5 2. g3 Nf6 3. Bg2 g6 4. 0-0 Bg7 5. c4 d6 6. d4 0-0 7. b3 c6 8. Bb2 Qe8 9. Nbd2 Na6 10. Qc2 Nh5 11. d5 Bd7 12. Bxg7 Kxg7 13. Qb2+ Kg8 14. e3 cxd5 15. cxd5 Rc8 16. b4 Qf7 17. Nd4 Qf6 18. a3 Kg7 19. Rac1 Nc7 20. Rc2 Nb5 21. N2b3 Rxc2 22. Qxc2 Rc8 23. Qd2 Nxa3 24. Qa2 Nb5 25. Re1 a6 26. Nxb5 Bxb5 27. Nd4 Bd7 28. Qa5 Rc3 29. Qd8 Bc8 30. Ra1 Qf8 31. Qb6 Nf6 32. Ne2 Rc2 33. Nf4 Qf7 34. Qd4 Bd7 35. h4 Bb5 36. Ne6+ Kg8 37. Bf3 Rc4 38. Qd2 Bd7 39. Nf4 Ne4 40. Bxe4 fxe4 41. Rc1 Rxc1+ 42. Qxc1 Qe8 43. Qc2 Bf5 44. g4 Bxg4 45. Qxe4 Bf5 46. Qd4 Qc8 47. h5 Qc1+ 48. Kg2 Qc2 49. Kg3 Qe4 50. hxg6 hxg6 51. Qxe4 Bxe4 52. f3 Bc2 53. e4 Kf7 54. Ne6 b6 55. Nc7 a5 56. bxa5 bxa5 57. Nb5 Bd3 58. Nc3 Kf6 59. f4 a4 60. Nxa4 Bxe4 61. Nc3 Bd3 62. Kf3 e6 63. dxe6 Kxe6 64. Ke3 Bf5 65. Ne2 Kd5 66. Nd4 Kc4 67. Ne2 d5 68. Nd4 Bg4 69. Nc6 Bf5 1/2-1/2

[Event "Werther Schloss op 22nd"]
[Site "Werther"]
[Date "2016.03.19"]
[Round "5"]
[White "Boe, Mads"]
[Black "Freiberger, Jonas"]
[Result "1-0"]
[WhiteElo "2310"]
[BlackElo "2207"]
[PlyCount "67"]
[EventDate "2016.03.17"]
[EventType "swiss"]
[EventRounds "7"]
[EventCountry "GER"]
[SourceTitle "CBM 171 Extra"]
[Source "ChessBase"]
[SourceDate "2016.04.26"]
[SourceVersion "1"]
[SourceVersionDate "2016.04.26"]
[SourceQuality "1"]

1. e4 e5 2. Nf3 Nc6 3. d4 exd4 4. Nxd4 Nf6 5. Nxc6 bxc6 6. Nd2 Bc5 7. Bd3 d6 8. Nb3 Bb6 9. Bg5 Qe7 10. 0-0 Qe5 11. Qd2 Ng4 12. Bf4 Qxb2 13. a4 Be6 14. Rab1 Qf6 15. a5 Bd4 16. Nxd4 Qxd4 17. h3 Ne5 18. Rb4 Qc5 19. Be3 Nf3+ 20. gxf3 Qh5 21. Bf4 Bxh3 22. Rfb1 Qxf3 23. Bf1 Bxf1 24. Rxf1 0-0 25. Qe3 Qh5 26. a6 Rae8 27. Qxa7 c5 28. Rb3 Rxe4 29. Bg3 f5 30. Qb7 Ree8 31. Qd5+ Kh8 32. a7 Qg4 33. f4 g5 34. Qf3 1-0

[Event "Werther Schloss op 21st"]
[Site "Werther"]
[Date "2015.03.29"]
[Round "7"]
[White "Freiberger, Jonas"]
[Black "Ebert, Manuel"]
[Result "0-1"]
[WhiteElo "2202"]
[BlackElo "2136"]
[PlyCount "120"]
[EventDate "2015.03.26"]
[EventType "swiss"]
[EventRounds "7"]
[EventCountry "GER"]
[SourceTitle "CBM 165 Extra"]
[Source "ChessBase"]
[SourceDate "2015.04.21"]
[SourceVersion "1"]
[SourceVersionDate "2015.04.21"]
[SourceQuality "1"]

1. e4 c5 2. d4 cxd4 3. c3 g6 4. Nf3 Bg7 5. Nxd4 Nc6 6. Be3 Nf6 7. Nd2 d6 8. Be2 0-0 9. 0-0 Bd7 10. h3 d5 11. Bf3 Nxd4 12. Bxd4 Bc6 13. e5 Ne4 14. Re1 Ng5 15. Be2 Qc7 16. Bf1 f6 17. exf6 Bxf6 18. Bxf6 Rxf6 19. Qg4 Nf7 20. Nf3 e5 21. Qg3 Qb6 22. Re2 Rf8 23. Rae1 d4 24. Nh2 Nh6 25. Rd2 dxc3 26. bxc3 e4 27. Bc4+ Kh8 28. Qe5 Ba4 29. Rxe4 Qb1+ 30. Re1 Qf5 31. Qxf5 Nxf5 32. Bb3 Bc6 33. Ng4 Rd6 34. Rxd6 Nxd6 35. Re7 Re8 36. Rxe8+ Bxe8 37. Ne5 Kg7 38. Bd5 Kf6 39. Ng4+ Ke7 40. f4 Nb5 41. c4 Nc3 42. Bxb7 Nxa2 43. Kf2 Kd6 44. Ke3 Kc5 45. Ne5 a5 46. Bd5 Nb4 47. Nd3+ Nxd3 48. Kxd3 Kb4 49. Kd4 a4 50. c5 a3 51. Ba2 Ba4 52. g4 Bb3 53. Bb1 Bc2 54. c6 Bxb1 55. c7 a2 56. c8Q a1Q+ 57. Kd5 Ba2+ 58. Ke4 Qe1+ 59. Kd3 Bb1+ 60. Kd4 Qe4# 0-1

[Event "Werther Schloss op 20th"]
[Site "Werther"]
[Date "2014.04.12"]
[Round "4"]
[White "Kolthoff, Siegmund"]
[Black "Freiberger, Jonas"]
[Result "0-1"]
[WhiteElo "2072"]
[BlackElo "2219"]
[PlyCount "70"]
[EventDate "2014.04.10"]
[EventType "swiss"]
[EventRounds "7"]
[EventCountry "GER"]
[SourceTitle "CBM 159 Extra"]
[Source "ChessBase"]
[SourceDate "2014.04.24"]
[SourceVersion "1"]
[SourceVersionDate "2014.04.24"]
[SourceQuality "1"]

1. Nf3 f5 2. d4 Nf6 3. g3 g6 4. Bg2 Bg7 5. c4 d6 6. Nc3 0-0 7. 0-0 Qe8 8. d5 a5 9. Rb1 Na6 10. a3 Bd7 11. b4 axb4 12. axb4 c6 13. dxc6 bxc6 14. Bd2 h6 15. Qc1 Kh7 16. Rd1 c5 17. b5 Nb4 18. Be1 Qf7 19. Nd2 Na2 20. Nxa2 Rxa2 21. Ra1 Rxa1 22. Qxa1 Ne4 23. Qa7 Nc3 24. Qxd7 Nxd1 25. b6 Nb2 26. Bd5 Qe8 27. Qxe8 Rxe8 28. Nb3 Rb8 29. b7 e6 30. Bc6 Nxc4 31. Na5 Ne5 32. Ba4 Nf7 33. Bd7 Nd8 34. Bc8 d5 35. f4 Bd4+ 0-1

[Event "Werther Schloss op 19th"]
[Site "Werther"]
[Date "2013.03.22"]
[Round "2"]
[White "Freiberger, Jonas"]
[Black "Epishin, Vladimir"]
[Result "0-1"]
[WhiteElo "2214"]
[BlackElo "2607"]
[PlyCount "96"]
[EventDate "2013.03.22"]
[EventType "swiss"]
[EventRounds "7"]
[EventCountry "GER"]
[SourceTitle "CBM 153 Extra"]
[Source "ChessBase"]
[SourceDate "2013.04.22"]
[SourceVersion "1"]
[SourceVersionDate "2013.04.22"]
[SourceQuality "1"]

1. d4 e6 2. e4 d5 3. Nc3 Nf6 4. Bg5 dxe4 5. Nxe4 Be7 6. Nxf6+ Bxf6 7. Bxf6 Qxf6 8. Nf3 0-0 9. Qd2 Rd8 10. Qc3 Nc6 11. 0-0-0 Bd7 12. Bd3 Be8 13. Be4 Rd6 14. Qe3 Rad8 15. g4 Nb4 16. g5 Qe7 17. a3 Nd5 18. Qd3 f5 19. gxf6 Nxf6 20. Rhe1 Bh5 21. Qb5 b6 22. Qe5 c5 23. dxc5 Rxd1+ 24. Rxd1 Rxd1+ 25. Kxd1 Qxc5 26. Qxe6+ Kf8 27. Ke1 Bxf3 28. Bxf3 Qxc2 29. Qd6+ Kf7 30. Bd5+ Kg6 31. Qg3+ Kf5 32. Qb3 Qxb3 33. Bxb3 h5 34. Ke2 Ke4 35. Be6 g5 36. Bf7 h4 37. f3+ Kd4 38. Be6 Nh5 39. Bf7 Nf4+ 40. Kd2 Nd3 41. b3 Ne5 42. Bh5 b5 43. h3 a5 44. Ke2 Kc3 45. Be8 b4 46. axb4 axb4 47. Ke3 Nd3 48. Bf7 Nf4 0-1

[Event "NRW-ch"]
[Site "Muenster"]
[Date "2011.10.28"]
[Round "7"]
[White "Freiberger, Jonas"]
[Black "Heinert, Eugen"]
[Result "0-1"]
[WhiteElo "2222"]
[BlackElo "2208"]
[PlyCount "42"]
[EventDate "2011.10.23"]
[EventType "swiss"]
[EventRounds "7"]
[EventCountry "GER"]
[SourceTitle "EXT 2013"]
[Source "ChessBase"]
[SourceDate "2012.11.22"]
[SourceVersion "1"]
[SourceVersionDate "2012.11.22"]
[SourceQuality "1"]

1. Nc3 d5 2. e4 e6 3. d4 dxe4 4. Nxe4 Nd7 5. Nf3 Ngf6 6. Bg5 Be7 7. Bxf6 Nxf6 8. Bd3 0-0 9. Nxf6+ Bxf6 10. Qe2 c5 11. h4 Qa5+ 12. Kf1 cxd4 13. Ng5 g6 14. Ne4 Bg7 15. h5 Bd7 16. f4 e5 17. g3 exf4 18. gxf4 Rfe8 19. hxg6 hxg6 20. Qh2 Bb5 21. Qh4 Rxe4 0-1

[Event "Paderborn op"]
[Site "Paderborn"]
[Date "2009.12.29"]
[Round "5"]
[White "Freiberger, Jonas"]
[Black "Biebinger, Gerhard"]
[Result "1-0"]
[WhiteElo "2216"]
[BlackElo "2318"]
[PlyCount "117"]
[EventDate "2009.12.27"]
[EventType "swiss"]
[EventRounds "7"]
[EventCountry "GER"]
[SourceTitle "CBM 134 Extra"]
[Source "ChessBase"]
[SourceDate "2010.03.03"]
[SourceVersion "1"]
[SourceVersionDate "2010.03.03"]
[SourceQuality "1"]

1. e4 e6 2. d3 b5 3. g3 Bb7 4. Bg2 c5 5. Nf3 d6 6. 0-0 Nd7 7. Re1 Ngf6 8. Nbd2 Be7 9. Qe2 0-0 10. Nf1 Ne5 11. Nh4 Nfd7 12. f4 Nc6 13. Nf3 Nd4 14. Qf2 Nxf3+ 15. Bxf3 Nb6 16. Be3 Qc7 17. c3 Rad8 18. Rac1 a5 19. b3 Nd7 20. Qg2 b4 21. d4 Qb8 22. c4 cxd4 23. Bxd4 Bf6 24. Bxf6 Nxf6 25. Rcd1 Nd7 26. g4 Nc5 27. Ng3 a4 28. Kh1 axb3 29. axb3 Nxb3 30. Nh5 Nc5 31. Qb2 e5 32. f5 f6 33. g5 fxg5 34. Qg2 Rf7 35. Qxg5 Rdf8 36. Rd2 Qc7 37. Rg2 Kh8 38. Rg3 b3 39. Rh3 Rf6 40. Nxf6 gxf6 41. Qh6 Rf7 42. Rg3 Nd3 43. Reg1 Nf2+ 44. Kg2 Nxe4 45. Bxe4 Bxe4+ 46. Kf2 Qc5+ 47. Qe3 Rf8 48. Qxc5 dxc5 49. Rxb3 Bxf5 50. Rb5 Rc8 51. Rb6 Bd3 52. Rxf6 Bxc4 53. Ke3 Bb3 54. Ke4 Bc2+ 55. Kxe5 c4 56. Kd4 Bd3 57. Kc3 Rd8 58. h4 Re8 59. h5 1-0

[Event "Werther Schloss op-A 14th"]
[Site "Werther"]
[Date "2008.03.15"]
[Round "5"]
[White "Freiberger, Jonas"]
[Black "Mueller, Oliver"]
[Result "1/2-1/2"]
[WhiteElo "2170"]
[BlackElo "2309"]
[PlyCount "125"]
[EventDate "2008.03.13"]
[EventType "swiss"]
[EventRounds "7"]
[EventCountry "GER"]
[SourceTitle "EXT 2010"]
[Source "ChessBase"]
[SourceDate "2010.11.25"]
[SourceVersion "1"]
[SourceVersionDate "2010.11.25"]
[SourceQuality "1"]

1. e4 c5 2. b4 cxb4 3. a3 d5 4. exd5 Qxd5 5. Nf3 e6 6. Bb2 Nf6 7. Bd3 Bd7 8. 0-0 Bc6 9. Re1 Nbd7 10. Be2 Nb6 11. axb4 Bxb4 12. Nc3 Qd8 13. Ne5 0-0 14. Nxc6 bxc6 15. Bd3 Nbd5 16. Ne4 Be7 17. Ra4 Rb8 18. Be5 Rb7 19. c3 Rd7 20. Qf3 Nxe4 21. Bxe4 f5 22. Bc2 Nb6 23. Qxc6 Nxa4 24. Qxe6+ Kh8 25. Bxa4 Rxd2 26. Qh6 Bf6 27. Bxf6 gxf6 28. Be8 Rg8 29. Bh5 Rd7 30. g3 Qf8 31. Qe3 Qd6 32. Qh6 Re7 33. Rd1 Qc6 34. c4 a5 35. Qf4 Re5 36. Bf3 Qc7 37. Kf1 Rd8 38. Bd5 Rb8 39. Qd4 Qb6 40. c5 Qb2 41. Qh4 Qe2+ 42. Kg2 Kg7 43. Bf3 Qb5 44. c6 Rbe8 45. Rd6 R8e6 46. Rd7+ Re7 47. Rd6 R5e6 48. c7 Qc5 49. Bc6 Qxd6 50. c8Q Rc7 51. Qb8 Qxc6+ 52. Kh3 Re4 53. Qh5 Qd7 54. f3 Rb7 55. Qa8 Ra7 56. Qb8 Rb4 57. Qbe8 Qd1 58. f4 Qf1+ 59. Kh4 Rb2 60. h3 Qd3 61. Qe1 Rb3 62. Qhe8 a4 63. Q1e7+ 1/2-1/2

[Event "Werther Schloss op-A 14th"]
[Site "Werther"]
[Date "2008.03.13"]
[Round "1"]
[White "Freiberger, Jonas"]
[Black "Ovsejevitsch, Sergei"]
[Result "1-0"]
[WhiteElo "2170"]
[BlackElo "2581"]
[PlyCount "59"]
[EventDate "2008.03.13"]
[EventType "swiss"]
[EventRounds "7"]
[EventCountry "GER"]
[SourceTitle "EXT 2010"]
[Source "ChessBase"]
[SourceDate "2010.11.25"]
[SourceVersion "1"]
[SourceVersionDate "2010.11.25"]
[SourceQuality "1"]

1. e4 e5 2. Bc4 Nf6 3. d3 c6 4. Nf3 d5 5. Bb3 a5 6. Nc3 d4 7. Ng5 dxc3 8. Nxf7 Qe7 9. Nxh8 Bg4 10. f3 Bh5 11. a4 Na6 12. bxc3 0-0-0 13. Qe2 Nc5 14. Bc4 Qd7 15. g4 Be8 16. Be3 Ne6 17. Bb6 Bd6 18. Qf2 Nf4 19. Bxd8 Kxd8 20. g5 N6h5 21. Qb6+ Ke7 22. h4 Kf8 23. Rb1 Ng3 24. Rh2 Qe7 25. Qxb7 Bc7 26. Kd2 h6 27. Qc8 hxg5 28. hxg5 Qxg5 29. Qg4 Qxg4 30. fxg4 1-0

[Event "Werther Schloss op-A 13rd"]
[Site "Werther"]
[Date "2007.04.01"]
[Round "6"]
[White "Schwarz, Thomas1111"]
[Black "Freiberger, Jonas"]
[Result "0-1"]
[WhiteElo "2176"]
[BlackElo "2205"]
[PlyCount "136"]
[EventDate "2007.03.29"]
[EventType "swiss"]
[EventRounds "7"]
[EventCountry "GER"]
[SourceTitle "CBM 117 Extra"]
[Source "ChessBase"]
[SourceDate "2007.05.09"]
[SourceVersion "1"]
[SourceVersionDate "2007.05.09"]
[SourceQuality "1"]

1. d4 Nf6 2. c4 c5 3. d5 e6 4. Nc3 exd5 5. cxd5 Bd6 6. Nf3 0-0 7. g3 Bc7 8. Bg2 Ba5 9. 0-0 d6 10. Nd2 Nbd7 11. Nc4 Bxc3 12. bxc3 Nb6 13. Ne3 Bd7 14. c4 Na4 15. Qc2 a6 16. Nf5 Bxf5 17. Qxf5 Re8 18. Qd3 b5 19. Rb1 Rb8 20. Bd2 Qc8 21. Bf4 Qd7 22. e4 b4 23. Bd2 Qe7 24. Rfe1 Nd7 25. f4 Qf6 26. Bh3 Ndb6 27. e5 dxe5 28. fxe5 Rxe5 29. Rxe5 Qxe5 30. Bf4 Qc3 31. Qxc3 Nxc3 32. Re1 Rf8 33. Bd6 Nxc4 34. Bxc5 Nxd5 35. Bxf8 Kxf8 36. Bd7 Nf6 37. Bc8 a5 38. Ba6 Nd2 39. Re2 Nde4 40. Bc4 h6 41. Bb3 g5 42. Rc2 Nc3 43. Rd2 Ke7 44. Kg2 Nfe4 45. Rd4 f5 46. Bg8 Kf6 47. Rd8 Nc5 48. Rc8 Nd3 49. a3 Ke5 50. axb4 axb4 51. Re8+ Kd4 52. Rd8+ Ke3 53. Bc4 Ne5 54. Re8 Kd4 55. Bg8 f4 56. gxf4 gxf4 57. Rb8 f3+ 58. Kf1 Nd3 59. Bh7 Ne4 60. Rd8+ Ke3 61. Bxe4 Kxe4 62. Re8+ Kd4 63. Rf8 b3 64. Rd8+ Kc3 65. Rc8+ Kd2 66. h4 b2 67. Rb8 Kc2 68. Rc8+ Kb3 0-1

[Event "Werther Schloss op-A 13rd"]
[Site "Werther"]
[Date "2007.03.31"]
[Round "4"]
[White "Freiberger, Jonas"]
[Black "Budzyn, Matthias"]
[Result "0-1"]
[WhiteElo "2205"]
[BlackElo "2126"]
[PlyCount "114"]
[EventDate "2007.03.29"]
[EventType "swiss"]
[EventRounds "7"]
[EventCountry "GER"]
[SourceTitle "CBM 117 Extra"]
[Source "ChessBase"]
[SourceDate "2007.05.09"]
[SourceVersion "1"]
[SourceVersionDate "2007.05.09"]
[SourceQuality "1"]

1. e4 e5 2. Bc4 Nc6 3. Nc3 Nf6 4. d3 Na5 5. Qf3 Nxc4 6. dxc4 d6 7. Nge2 Be6 8. b3 c6 9. Bg5 Be7 10. Rd1 h6 11. Bxf6 Bxf6 12. c5 Be7 13. 0-0 Qc7 14. cxd6 Bxd6 15. Ng3 g6 16. Qf6 Rg8 17. Rd3 Qe7 18. Qxe7+ Kxe7 19. Rfd1 Rgd8 20. h4 Bb4 21. Rxd8 Rxd8 22. Rxd8 Kxd8 23. Nd1 Be7 24. h5 gxh5 25. Ne3 h4 26. Ngf5 Bg5 27. Ng4 f6 28. Ngxh6 Kd7 29. Kf1 Bxh6 30. Nxh6 Kd6 31. Ke2 Kc5 32. c3 a5 33. Nf5 b5 34. Ne3 h3 35. gxh3 Bxh3 36. Kd3 Be6 37. Nc2 b4 38. c4 f5 39. Ne3 f4 40. Nf5 a4 41. Ne7 Bf7 42. Kc2 a3 43. Nf5 Be6 44. Ne7 Bg4 45. Kd3 Bd1 46. Ng6 Bxb3 47. Nxe5 Bxa2 48. Kc2 Bxc4 49. Nxc4 Kxc4 50. f3 b3+ 51. Kb1 a2+ 52. Kb2 Kd3 53. e5 a1Q+ 54. Kxa1 Kc2 55. e6 b2+ 56. Ka2 b1Q+ 57. Ka3 Qb3# 0-1